| 000 | 00845cam a22002653a 4500 | ||
|---|---|---|---|
| 001 | 20091 | ||
| 003 | PGUSA | ||
| 005 | 20140828083426.0 | ||
| 008 | 061211s2006||||xxu|||||s|||||000 1 eng d | ||
| 040 |
_aPGUSA _beng |
||
| 042 | _adc | ||
| 050 | 4 | _aPR | |
| 050 | 4 | _aPZ | |
| 100 | 1 |
_aHenty, G. A. _q(George Alfred), _d1832-1902 |
|
| 245 | 1 | 0 |
_aNo Surrender! A Tale of the Rising in La Vendee _h[electronic resource] / _cG. A. Henty |
| 260 |
_bProject Gutenberg, _c2006 |
||
| 506 | _aPublic domain in the USA. | ||
| 516 | _aElectronic text | ||
| 653 | _aFrance -- History -- Wars of the Vendée, 1793-1832 -- Juvenile fiction | ||
| 653 | _aVendée (France) -- History -- Juvenile fiction | ||
| 700 | 1 |
_aWood, Stanley L., _d1866-1928 |
|
| 830 | 0 |
_aProject Gutenberg _v20091 |
|
| 856 | 4 | 0 | _uhttp://www.gutenberg.org/ebooks/20091 |
| 942 | _cEB | ||
| 999 |
_c249346 _d249346 |
||